[Event "Asian Zonal 3.3 Women 2019"]
[Site "Ulaanbaatar"]
[Date "2019.04.14"]
[Round "8.11"]
[White "Anu, Bayar"]
[Black "Udval, Enkhsaikhan"]
[Result "1-0"]
[WhiteElo "2146"]
[BlackElo "1761"]
[Annotator "TA"]
[PlyCount "111"]
[EventDate "2019.04.07"]
[EventType "swiss"]
[EventRounds "9"]
[EventCountry "MGL"]
[SourceTitle "playchess.com"]
[Source "ChessBase"]
[SourceQuality "1"]

{[%evp 15,111,16,10,0,0,0,4,0,0,0,0,0,0,-22,18,6,17,16,22,20,12,0,19,25,31,-2,-6,-27,-26,-22,-19,-4,-12,-25,-10,-22,0,-40,0,-6,0,0,36,21,338,331,327,321,298,0,397,0,0,0,0,0,70,63,62,62,60,11,40,68,29965,29966,29968,29969,29969,29968,29966,29968,29973,29974,29974,29973,29979,29980,29980,29981,29981,29982,29982,29983,29983,29983,29985,29986,29989,29990,29990,29991,29995,29996,29996,29995,29996,29994]} 1. d4 d5 2. c4 c6 3. Nc3 Nf6 4. cxd5 cxd5 5. Bf4 Nc6 6. e3 a6 7. Bd3 Bg4 8. f3 Bh5 9. Qb3 {D10: Slav Defence: 3 cxd5 (without early Nf3) and 3 Nc3} (9. Nge2 e6 10. O-O Be7 11. Bg3 Bg6 12. Nf4 O-O 13. Nxg6 hxg6 14. Rc1 Rc8 15. Qe2 Nd7 16. Bf2 Nb6 17. Rcd1 {1-0 (60) Laznicka,V (2662)-Maghsoodloo,P (2649) Batumi 2018}) 9... Na5 10. Qa4+ Nc6 $1 11. Qb3 {The position is equal.} Na5 12. Qd1 e6 $146 13. Nge2 Bg6 14. O-O Bxd3 15. Qxd3 Bd6 16. Bg5 h6 17. Bh4 O-O 18. e4 {Threatens to win with e5.} dxe4 19. fxe4 {aiming for Bxf6.} Be7 $1 20. e5 Nd5 21. Nxd5 Bxh4 22. Ndc3 Nc6 {[%cal Ba5c6,Bc6b4,Bb4c2][%mdl 32]} 23. Qe4 Bg5 24. Rad1 Qb6 25. b3 Rad8 26. Kh1 Nb4 27. Rf3 Qc6 28. Qg4 Nc2 29. h4 f5 $2 {[%mdl 8192]} (29... Ne3 $11 30. Rxe3 Bxe3) 30. exf6 $1 $18 Bxf6 31. Ne4 Bxd4 32. Nxd4 $2 (32. Rxf8+ $18 Kxf8 33. Qg6) 32... Rxd4 $4 {[%mdl 8192] [#]} (32... Nxd4 $11 {and Black stays safe.} 33. Nf6+ Kh8 34. Rxd4 Rxd4 35. Qxd4 e5 36. Qxe5 Rxf6) 33. Rxd4 $2 (33. Rxf8+ $1 $18 Kxf8 34. Rf1+ Kg8 35. Nf6+ Kh8 36. Qg6 Rxh4+ 37. Kg1 Qc5+ 38. Rf2 gxf6 39. Qxf6+ {[%mdl 64] Double Attack} Kh7 40. Qxh4) 33... Nxd4 $11 34. Nf6+ $1 $40 {[%mdl 192] Discovered Attack. White is up to no good.} Kh8 35. Qxd4 {Black must now prevent Nh5!} Rxf6 (35... e5 $1 $11 36. Qxe5 Rxf6) 36. Rxf6 $14 gxf6 37. Qxf6+ $11 {[%mdl 4160] [#] Endgame Double Attack. KQ-KQ} Kh7 38. Qf7+ Kh8 39. Qg6 e5 $2 {[%mdl 8192]} (39... Qc1+ $14 40. Kh2 Qf4+ 41. Kh3 Qf5+ 42. Qxf5 exf5) 40. Qxc6 {White mates.} bxc6 {KP-KP} 41. g4 Kg7 42. Kg2 Kf6 43. Kf3 a5 44. Ke4 Ke6 45. g5 h5 46. a3 {[%cal Ba2a3,Ba3a4][%mdl 32]} c5 47. a4 Kd6 48. Kf5 e4 49. Kxe4 Ke6 50. Kd3 Kf5 51. Kc4 Kg4 52. g6 Kxh4 53. g7 Kh3 54. g8=Q h4 55. Qg5 Kh2 56. Qxh4+ {Accuracy: White = 71%, Black = 40%.} 1-0

[Event "Asian Zonal 3.3 Women 2019"]
[Site "Ulaanbaatar"]
[Date "2019.04.14"]
[Round "8.12"]
[White "Doan, Thi Hong Nhung"]
[Black "Mandukhai, Myagmarsuren"]
[Result "0-1"]
[WhiteElo "1938"]
[BlackElo "1902"]
[Annotator "NA RC"]
[PlyCount "128"]
[EventDate "2019.04.07"]
[EventType "swiss"]
[EventRounds "9"]
[EventCountry "MGL"]
[SourceTitle "playchess.com"]
[Source "ChessBase"]
[SourceQuality "1"]
[TimeControl "40/5400+30:1800+30"]

1. d4 d5 2. c4 c6 3. Nc3 Nf6 4. Nf3 e6 5. Bg5 Nbd7 6. e3 Qa5 7. Nd2 Bb4 8. Qc2 O-O 9. a3 dxc4 10. Bxf6 Nxf6 11. Nxc4 Bxc3+ 12. bxc3 Qc7 13. Bd3 c5 14. O-O b6 15. e4 Ba6 16. Ne3 cxd4 17. Bxa6 dxe3 18. f3 Rad8 19. Qe2 Qxc3 20. Rfe1 Nd7 21. Qxe3 Qxe3+ 22. Rxe3 Nc5 23. Be2 Rd2 24. f4 Rfd8 25. Rc1 Kf8 26. f5 e5 27. Bc4 Nd3 28. Bxd3 R2xd3 29. Kf2 Rd2+ 30. Re2 Rxe2+ 31. Kxe2 Ke7 32. Rc7+ Rd7 33. Rc8 f6 34. g4 h6 35. h4 Rd4 36. Ke3 Ra4 37. Rc7+ Kf8 38. Rc8+ Kf7 39. Rc7+ Kg8 40. Rc8+ Kh7 41. Rc3 b5 42. Rb3 a6 43. Rc3 a5 44. Kd3 b4 45. axb4 axb4 46. Rc4 Ra3+ 47. Ke2 Rg3 48. g5 fxg5 49. hxg5 Rxg5 50. Kf3 h5 51. Rxb4 h4 52. Rb6 Rg3+ 53. Kf2 Rg4 54. Kf3 Rf4+ 55. Ke3 h3 56. Rb2 Kh6 57. Rh2 Rh4 58. Kf3 Kg5 59. Rh1 h2 60. Kg3 Rh5 61. Kf3 Rh3+ 62. Kg2 Kg4 63. Kf2 Rb3 64. Kg2 Rb2+ 0-1

[Event "Asian Zonal 3.3 Women 2019"]
[Site "Ulaanbaatar"]
[Date "2019.04.14"]
[Round "8.13"]
[White "Tsogzolmaa, Nanjid"]
[Black "Amina, Battsooj"]
[Result "0-1"]
[WhiteElo "1815"]
[BlackElo "2155"]
[Annotator "TA"]
[PlyCount "90"]
[EventDate "2019.04.07"]
[EventType "swiss"]
[EventRounds "9"]
[EventCountry "MGL"]
[SourceTitle "playchess.com"]
[Source "ChessBase"]
[SourceQuality "1"]

{[%evp 10,90,8,14,10,10,19,0,0,0,3,0,0,0,16,0,2,0,0,-8,54,73,68,0,0,-32,-35,-41,-39,-22,-29,-32,-27,-31,-37,-20,-19,-39,-2,-4,-8,-100,-100,-97,-101,-91,-97,-88,-101,-218,-210,-310,-325,-317,-330,-333,-335,-335,-327,-309,-291,-299,-247,-318,-247,-247,-247,-1157,-1097,-775,-1051,-1283,-1259,-1072,-1084,-1292,-1187,-1207,-1206,-1076,-1081,-881,-855]} 1. d4 Nf6 2. Nf3 d5 3. Bf4 e6 4. e3 Bd6 5. Bxd6 Qxd6 6. c4 O-O {D02: 1 d4 d5 2 Nf3 sidelines, including 2...Nf6 3 g3 and 2...Nf6 3 Bf4} (6... c5 7. cxd5 Nxd5 8. e4 Ne7 9. Na3 O-O 10. Nc4 Qf4 11. dxc5 Qxe4+ 12. Be2 Na6 13. Rc1 Nxc5 14. Qd6 {1-0 (51) Nabaty,T (2690)-Rakhmanov,A (2655) Batumi 2018}) 7. Nc3 a6 8. Bd3 dxc4 $146 {The position is equal.} ({Predecessor:} 8... Nc6 9. a3 Bd7 10. O-O dxc4 11. Bxc4 {½-½ (22) Er,B-Dzinga,J Niksic 2018}) 9. Bxc4 b5 10. Be2 Bb7 11. O-O c5 12. dxc5 Qxc5 13. Rc1 Qe7 14. Nd4 e5 (14... Nbd7 $11) 15. Nf5 $14 Qe6 16. Bf3 (16. Bg4 $14 Nxg4 17. Qxg4) 16... Nc6 $11 17. Bxc6 (17. Ng3 {feels hotter.} Na5 18. Bxb7 Nxb7 19. Qf3 Nd6 20. Rcd1) 17... Bxc6 18. Qd6 Qxd6 19. Nxd6 Rfd8 20. Nf5 $1 {[%cal Rf5e7] [#] Ne7+ is the strong threat.} Kf8 21. f4 Rd2 22. Nh4 ({Reject} 22. Rf2 Rad8 $17) 22... exf4 {Threatens to win with ...Rc8.} 23. Nb1 Rd6 24. Nf5 Rd5 $1 $36 {[%mdl 2048] [#] And now ...Bd7 would win. Black has good play.} 25. Rxf4 (25. Rxc6 $11 {remains equal.} Rxf5 26. exf4) 25... Bd7 $17 26. Ng3 Re8 27. e4 Rd4 28. Nc3 b4 29. Nb1 (29. Rd1 $17 {might work better.} Rxd1+ 30. Nxd1) 29... Nxe4 $19 30. Re1 (30. a3 $142) 30... Nxg3 31. Rxe8+ Kxe8 32. hxg3 {[%mdl 4096] Endgame KRB-KRN} Rd1+ 33. Rf1 Rxf1+ 34. Kxf1 {KB-KN} Ke7 35. a3 a5 36. Ke2 Kd6 37. axb4 axb4 38. b3 $2 (38. Nd2) 38... Bc6 {Black is clearly winning.} 39. Nd2 Bxg2 40. Kd3 Kc5 41. Ke3 Bd5 42. g4 h6 43. Kd3 Be6 44. Ne4+ Kc6 45. Nd2 Kb5 {Accuracy: White = 42%, Black = 82%.} 0-1

[Event "Asian Zonal 3.3 Women 2019"]
[Site "Ulaanbaatar"]
[Date "2019.04.14"]
[Round "8.14"]
[White "Lkhagvajed, Gantulga"]
[Black "Bayarmaa, Bayarjargal"]
[Result "0-1"]
[WhiteElo "1344"]
[BlackElo "2147"]
[Annotator "TA"]
[PlyCount "60"]
[EventDate "2019.04.07"]
[EventType "swiss"]
[EventRounds "9"]
[EventCountry "MGL"]
[SourceTitle "playchess.com"]
[Source "ChessBase"]
[SourceQuality "1"]

{[%evp 19,60,0,12,-14,-11,-37,-29,-96,-90,-101,-92,-99,-99,-98,-62,-64,-54,-62,-77,-83,-38,-97,-39,-86,-49,-108,-100,-143,-133,-173,-163,-166,-159,-183,-156,-304,-305,-877,-859,-862,-860,-1144,-1136]} 1. e4 c5 2. Nf3 d6 3. d4 cxd4 4. Nxd4 Nf6 5. Nc3 e5 6. Nb3 Be7 7. Be2 a6 8. O-O O-O 9. Be3 Be6 10. Qd2 b5 11. Bf3 {B92: Sicilian Najdorf: 6 Be2} (11. a4 b4 12. Nd5 Nxe4 13. Nxe7+ Qxe7 14. Qxb4 f5 15. Na5 Rc8 16. c4 Nd7 17. f3 f4 18. fxe4 fxe3 19. Qa3 {½-½ (44) Petrik,T (2544)-Cao,S (2548) Hungary 2006}) 11... Nbd7 12. Rad1 Rc8 13. Ne2 $146 (13. a3 $11 {keeps the balance.}) ({Predecessor:} 13. a3 Nb6 14. Na5 Nc4 15. Nxc4 bxc4 16. Bg5 Qb6 17. Rb1 Rfd8 18. Rfd1 Qb8 19. Bxf6 Bxf6 {0-1 (49) Berdugo Guihur,J-Gauri,S (2131) Chalkidiki 2007}) 13... Nb6 $17 14. Bxb6 Qxb6 15. c3 Rfd8 16. Ng3 h6 17. Rfe1 Bf8 18. Qe3 Qb8 19. h3 Kh7 20. Kh2 ({White should try} 20. Nh5 $15) 20... Nd7 ({Better is} 20... g6 $17) 21. Rd2 Nb6 {aiming for ...Nc4.} 22. Be2 (22. Qe2 $15) 22... Be7 23. Qf3 Bg5 24. Rc2 g6 25. Rd1 Kg7 26. Bd3 h5 27. Ne2 (27. Kg1 $17) 27... d5 $19 {White must now prevent ...dxe4.} 28. Kg1 $2 (28. Qg3 Bh6 29. Nd2) 28... dxe4 {[%mdl 64] [#] Discovered Attack. Black is clearly winning.} 29. Qxe4 Bf5 30. Qb4 Bxd3 {Accuracy: White = 12%, Black = 61%.} 0-1

[Event "Asian Zonal 3.3 Women 2019"]
[Site "Ulaanbaatar"]
[Date "2019.04.14"]
[Round "8.15"]
[White "Khongorzul, Davaakhuu"]
[Black "Margadgua, Erdenebayar"]
[Result "1-0"]
[WhiteElo "1568"]
[BlackElo "1585"]
[Annotator "NA RC"]
[PlyCount "59"]
[EventDate "2019.04.07"]
[EventType "swiss"]
[EventRounds "9"]
[EventCountry "MGL"]
[SourceTitle "playchess.com"]
[Source "ChessBase"]
[SourceQuality "1"]
[TimeControl "40/5400+30:1800+30"]

1. e4 c5 2. Nf3 d6 3. c4 e5 4. g3 Nf6 5. Nc3 Nc6 6. Bg2 Bg4 7. h3 Be6 8. d3 h6 9. Nh2 Qd7 10. Nf1 g5 11. Ne3 Nd4 12. Ne2 g4 13. Nxd4 cxd4 14. Nd5 Bxd5 15. cxd5 gxh3 16. Bxh3 Qb5 17. Qc2 Nd7 18. a4 Qa6 19. b4 b6 20. Qc6 Rd8 21. Bg5 Be7 22. b5 Qc8 23. Bxh6 Rg8 24. Bf5 Rh8 25. Ke2 Bf6 26. g4 a5 27. g5 Be7 28. g6 Bf6 29. gxf7+ Kxf7 30. Qxc8 1-0

[Event "Asian Zonal 3.3 Women 2019"]
[Site "Ulaanbaatar"]
[Date "2019.04.14"]
[Round "8.17"]
[White "Khanyl, Chuluuntuya"]
[Black "Urangoo, Kherlenzorig"]
[Result "0-1"]
[WhiteElo "1375"]
[BlackElo "1475"]
[Annotator "NA RC"]
[PlyCount "68"]
[EventDate "2019.04.07"]
[EventType "swiss"]
[EventRounds "9"]
[EventCountry "MGL"]
[SourceTitle "playchess.com"]
[Source "ChessBase"]
[SourceQuality "1"]
[TimeControl "40/5400+30:1800+30"]

1. d4 d5 2. Nf3 Nf6 3. Bg5 e6 4. e3 Nbd7 5. Bd3 h6 6. Bh4 g5 7. Bg3 Nh5 8. Nbd2 Nxg3 9. hxg3 Bg7 10. c3 a6 11. e4 dxe4 12. Nxe4 b6 13. Qe2 Bb7 14. Ned2 Nf6 15. Be4 Nxe4 16. Nxe4 O-O 17. Qd3 f5 18. Ned2 e5 19. Qc2 exd4 20. cxd4 g4 21. Nh4 Qxd4 22. Nxf5 Rae8+ 23. Kd1 Qf6 24. Nxg7 Qxg7 25. Qc4+ Kh7 26. Qd3+ Kh8 27. f3 gxf3 28. Kc2 fxg2 29. Rhg1 Rd8 30. Qc3 Rf2 31. Rad1 Bf3 32. Rc1 Qxc3+ 33. Kxc3 Rdxd2 34. Rce1 Bc6 0-1

[Event "Asian Zonal 3.3 Women 2019"]
[Site "Ulaanbaatar"]
[Date "2019.04.14"]
[Round "8.18"]
[White "Munkhzul, Davaakhuu"]
[Black "Ng, Sau Wai"]
[Result "1-0"]
[WhiteElo "1793"]
[BlackElo "1154"]
[Annotator "NA RC"]
[PlyCount "59"]
[EventDate "2019.04.07"]
[EventType "swiss"]
[EventRounds "9"]
[EventCountry "MGL"]
[SourceTitle "playchess.com"]
[Source "ChessBase"]
[SourceQuality "1"]
[TimeControl "40/5400+30:1800+30"]

1. e4 d5 2. exd5 Nf6 3. Nc3 Nxd5 4. Bc4 Nxc3 5. Qf3 e6 6. dxc3 Nc6 7. Bb3 Bc5 8. Ne2 O-O 9. O-O Ne5 10. Qg3 Qf6 11. Bg5 Qf5 12. Bf4 Bd6 13. Rae1 Qh5 14. Nd4 Ng6 15. Bxd6 cxd6 16. Qxd6 b6 17. Re3 Bb7 18. Qg3 Bd5 19. Bxd5 exd5 20. Nf3 Qf5 21. Re2 Nf4 22. Rd2 Rfe8 23. Nd4 Qf6 24. Qf3 Qh6 25. Rfd1 g5 26. g3 Nh3+ 27. Kg2 g4 28. Qxg4+ Ng5 29. h4 Re4 30. Qxg5+ 1-0

[Event "Asian Zonal 3.3 Women 2019"]
[Site "Ulaanbaatar"]
[Date "2019.04.14"]
[Round "8.19"]
[White "Anujin, Bat-Amgalan"]
[Black "Enkhnasan, Namjiljav"]
[Result "1/2-1/2"]
[WhiteElo "1407"]
[BlackElo "1610"]
[Annotator "NA RC"]
[PlyCount "136"]
[EventDate "2019.04.07"]
[EventType "swiss"]
[EventRounds "9"]
[EventCountry "MGL"]
[SourceTitle "playchess.com"]
[Source "ChessBase"]
[SourceQuality "1"]
[TimeControl "40/5400+30:1800+30"]

1. d4 Nf6 2. Bf4 d5 3. e3 Bf5 4. c3 e6 5. Nd2 Be7 6. Ngf3 O-O 7. Be2 Nbd7 8. h3 h6 9. O-O c5 10. a4 Rc8 11. Ne5 Nxe5 12. Bxe5 Bd6 13. Nf3 Ne4 14. Bxd6 Qxd6 15. Bd3 Qe7 16. Bxe4 Bxe4 17. Ne5 f6 18. f3 Bh7 19. Ng4 c4 20. Nf2 b6 21. e4 Qc7 22. Qd2 Rce8 23. Rae1 a5 24. e5 fxe5 25. Rxe5 Rf5 26. Rfe1 Rxe5 27. Rxe5 Qd7 28. Qd1 b5 29. axb5 Qxb5 30. Qe2 Kf7 31. f4 Qb3 32. Ng4 Qc2 33. Qxc2 Bxc2 34. Re2 Bd3 35. Ne5+ Kf6 36. Nxd3 cxd3 37. Rd2 Rb8 38. g4 a4 39. Kf2 g5 40. Ke3 Rb6 41. Rf2 gxf4+ 42. Kxf4 Rb3 43. Ke3+ Ke7 44. Kxd3 a3 45. bxa3 Rxa3 46. Rg2 Ra8 47. h4 Rf8 48. Ke2 Rf4 49. Rg3 Kd7 50. g5 hxg5 51. hxg5 Ke7 52. Ke3 Rf8 53. Rh3 Rf5 54. Rh7+ Kf8 55. g6 Rg5 56. Rf7+ Ke8 57. Ra7 Rxg6 58. Kf4 Rg1 59. Ke5 Re1+ 60. Kd6 Re3 61. Re7+ Kd8 62. Rxe6 Rxc3 63. Kxd5 Rd3 64. Rh6 Kd7 65. Rh7+ Kc8 66. Kc6 Rxd4 67. Rh8+ Rd8 68. Rxd8+ Kxd8 1/2-1/2

[Event "Asian Zonal 3.3 Women 2019"]
[Site "Ulaanbaatar"]
[Date "2019.04.15"]
[Round "9.3"]
[White "Mendoza, Shania Mae"]
[Black "Pham, Le Thao Nguyen"]
[Result "1/2-1/2"]
[WhiteElo "2156"]
[BlackElo "2383"]
[Annotator "TA"]
[PlyCount "82"]
[EventDate "2019.04.07"]
[EventType "swiss"]
[EventRounds "9"]
[EventCountry "MGL"]
[SourceTitle "playchess.com"]
[Source "ChessBase"]
[SourceQuality "1"]

{[%evp 10,82,21,8,23,-4,6,-18,-11,-21,-19,-68,-58,-78,-21,-31,-16,-34,-18,-58,-54,-40,-12,-12,-11,-11,-12,-9,-15,-16,0,-34,-12,-14,0,0,33,0,0,0,0,-28,-28,-28,-28,-28,-29,-29,-12,-16,0,0,0,0,0,0,0,-14,0,0,0,-31,-31,-31,0,-8,0,0,0,0,0,0,0,0,0]} 1. d4 d5 2. c4 e6 3. Nf3 Nf6 4. Nc3 Bb4 5. Qb3 c5 6. dxc5 Nc6 {[#] Hoping for ...d4. D38: Queen's Gambit Declined: Ragozin Defence (4 Nf3 Bb4)} (6... Na6 7. a3 Bxc3+ 8. Qxc3 Nxc5 9. cxd5 Qxd5 10. Be3 Nce4 11. Qe5 Qxe5 12. Nxe5 Nd5 13. Bc1 Bd7 14. f3 {½-½ (34) Nisipeanu,L (2672)-Wojtaszek,R (2733) Dortmund 2018}) 7. a3 Bxc5 8. e3 O-O 9. Qc2 d4 10. Nd1 $146 ({Predecessor:} 10. Na4 Be7 11. exd4 Nxd4 12. Nxd4 Qxd4 13. Be3 Qe5 14. Be2 Bd7 15. Bf3 Qc7 {1-0 (42) Taalaibekov,T (1931)-Usmanov,U Bishkek 2013}) 10... e5 11. b4 e4 (11... Be7 $17) 12. Nxd4 $11 Nxd4 13. exd4 Bxd4 14. Bb2 a5 {...axb4 is the strong threat.} 15. b5 b6 16. Ne3 {[#] aiming for Rd1.} Bxb2 17. Qxb2 Be6 18. Be2 Nd7 19. O-O f5 {Strongly threatening ...f4.} 20. f4 Qc7 21. Rad1 Qc5 22. Rd4 Rf7 23. g3 Nf8 24. Rfd1 Rd7 25. Kf2 Rad8 {[%cal Rd7d4]} 26. Rxd7 Rxd7 27. Rxd7 Nxd7 28. Qc3 Qd6 29. Nc2 Nc5 (29... g6 {looks sharper.} 30. Qd4 Qe7 31. Qc3 Bf7 32. Nd4 Qf6) 30. Qd4 Qxd4+ (30... Qc7 {with more complications.} 31. Qe5 Qxe5 32. fxe5 Nd7 33. Nd4 Kf7) 31. Nxd4 {[%mdl 4096] Endgame KBN-KBN} Kf7 32. Ke3 Ke7 33. h3 Bd7 34. g4 g6 35. g5 Kd6 36. h4 a4 37. Kd2 {The position is equal.} Ne6 38. Nxe6 Bxe6 39. Kc3 Kc5 40. Bf1 Bc8 41. Be2 Be6 {Accuracy: White = 61%, Black = 44%.} 1/2-1/2

[Event "Asian Zonal 3.3 Women 2019"]
[Site "Ulaanbaatar"]
[Date "2019.04.15"]
[Round "9.4"]
[White "Aulia, Medina Warda"]
[Black "Munkhzul, Turmunkh"]
[Result "1-0"]
[WhiteElo "2362"]
[BlackElo "2348"]
[Annotator "TA"]
[PlyCount "133"]
[EventDate "2019.04.07"]
[EventType "swiss"]
[EventRounds "9"]
[EventCountry "MGL"]
[SourceTitle "playchess.com"]
[Source "ChessBase"]
[SourceQuality "1"]

{[%evp 17,133,60,90,22,62,68,66,75,62,57,74,47,47,37,39,38,38,39,39,28,29,29,40,44,40,43,45,42,42,6,10,0,27,8,38,46,33,12,37,24,65,58,60,48,59,-8,-4,-15,8,8,8,0,8,8,72,60,66,60,114,109,159,151,159,159,153,153,153,153,150,140,141,137,160,134,134,108,114,142,190,214,416,412,462,335,346,345,283,264,471,469,462,460,452,443,423,371,525,510,1018,993,912,973,934,931,897,893,862,858,837,828,715,743,1106,1014,861,800,718,637]} 1. e4 c5 2. Nf3 d6 3. Bb5+ Bd7 4. Bxd7+ Qxd7 5. O-O e5 6. c3 Nf6 7. Re1 Be7 8. d4 Nc6 9. Bg5 Rd8 10. Nbd2 $146 {B52: Sicilian: Moscow Variation with 3...Bd7} (10. d5 $16 Nb8 11. a4) ({Predecessor:} 10. Bxf6 Bxf6 11. dxc5 dxc5 12. Qxd7+ Rxd7 13. Nbd2 Ke7 14. Nc4 Rhd8 15. Ne3 Ke6 16. Rad1 Be7 17. Rd5 g6 {0-1 (54) Samhouri,A (2369)-Adly,A (2578) Amman 2008}) 10... h6 11. Bxf6 Bxf6 12. dxc5 {White is slightly better.} dxc5 13. Nc4 O-O 14. Qxd7 (14. Qb3 {looks sharper.} b6 15. Ne3 Qb7 16. Rad1 Ne7 17. Nd5) 14... Rxd7 15. a4 Rfd8 16. Kf1 Kf8 17. Ke2 Ke7 18. h4 h5 19. a5 Ke6 20. g3 Be7 21. Nfd2 g6 22. Rh1 f5 23. Nf1 Bf8 24. Nfd2 Be7 25. Nb3 Bf8 26. f3 Rf7 27. Rag1 Be7 28. Nc1 Rb8 29. Nd3 fxe4 30. fxe4 Rh8 31. g4 (31. Ra1 $14) 31... hxg4 $1 $11 32. Ne3 Nxa5 {White must now prevent ...c4.} 33. Rxg4 g5 $132 {[%mdl 2048] Black puts up resistance} 34. h5 {[%cal Bh4h5,Bh5h6][%mdl 32]} c4 35. Ne1 Rfh7 (35... Nb3 $11) 36. Nf5 $1 $16 Bf6 37. h6 $1 Nc6 (37... Nb3 $14) 38. Nf3 Ne7 39. Nxg5+ Bxg5 40. Rxg5 Kf6 {[#]} 41. Rhg1 $1 Rxh6 42. Nxh6 Rxh6 {[%mdl 4096] Endgame KRR-KRN} 43. Kd2 a5 44. R5g2 Ng6 45. Ra1 Nf4 46. Rf2 Ke6 47. Rxa5 {Hoping for Rb5.} Nd3 48. Rg2 Nf4 $2 (48... Rh4 {might work better.} 49. Rg6+ Kd7) 49. Rb5 $18 Rh1 50. Rg5 Rh2+ 51. Kc1 ({Don't take} 51. Ke3 Rh3+ 52. Kf2 Nd3+ 53. Kg2 Rh4) 51... Kd6 52. Kb1 Nd3 $2 (52... Re2 {keeps fighting.} 53. Rbxe5 Nd3) 53. Rg6+ Kc7 54. Rg7+ Kc6 55. Rbxb7 Nc5 56. Rbc7+ Kb6 (56... Kd6 $142 57. Ka2 Rh3) 57. Rce7 {White is clearly winning.} Nd3 (57... Rh5 $142 58. Rg6+ Kb5) 58. Rb7+ Ka6 59. Ra7+ Kb6 {[#]} 60. Rgb7+ $1 Kc6 61. Rc7+ Kb6 62. Rab7+ Ka6 63. Rb8 Rh1+ 64. Ka2 Nc1+ 65. Ka3 Nd3 66. Rxc4 {[%cal Rc4a4]} Ka7 67. Rd8 {Precision: White = 66%, Black = 49%.} 1-0

[Event "Asian Zonal 3.3 Women 2019"]
[Site "Ulaanbaatar"]
[Date "2019.04.15"]
[Round "9.5"]
[White "Vo, Thi Kim Phung"]
[Black "Nguyen, Thi Thanh An"]
[Result "0-1"]
[WhiteElo "2349"]
[BlackElo "2264"]
[Annotator "TA"]
[PlyCount "136"]
[EventDate "2019.04.07"]
[EventType "swiss"]
[EventRounds "9"]
[EventCountry "MGL"]
[SourceTitle "playchess.com"]
[Source "ChessBase"]
[SourceQuality "1"]

{[%evp 14,136,52,55,64,52,74,74,80,81,91,58,60,0,0,-22,-21,-13,26,-22,-10,-15,-8,-22,11,11,16,-13,-20,-20,-15,-42,-38,-70,-67,-77,-77,-78,-78,-115,-86,-85,-88,-83,0,0,4,-69,0,-81,27,-130,-126,-139,-60,-56,-39,-49,0,-20,-12,-14,0,0,0,0,0,-34,-27,-117,-108,-120,0,-8,0,-53,-35,-132,-135,-114,-114,-114,-116,-586,-558,-528,-498,-747,-726,-690,-683,-1558,-1300,-3105,-2802,-29979,-29980,-29979,-29981,-29969,-29969,-29993,-29990,-29990,-29991,-29992,-29993,-29993,-29994,-29994,-29991,-29991,-29983,-29992,-29991,-29991,-29992,-29992,-29993,-29993,-29994,-29995,-29996,-29996,-29997]} 1. d4 g6 2. c4 Bg7 3. Nc3 c5 4. d5 d6 5. e4 Nf6 6. h3 O-O 7. Nf3 a6 8. a4 b6 {E90: King's Indian: Classical: Early deviations and 6 h3} (8... e6 9. Bd3 exd5 10. cxd5 Re8 11. O-O Nbd7 12. Re1 b6 13. Bf4 Qc7 14. Nd2 Ne5 15. Bf1 h6 16. Bh2 g5 17. Ra3 Bd7 18. Ne2 b5 19. axb5 axb5 20. Rxa8 Rxa8 {½-½ (46) Morozevich,A (2788)-Mamedyarov,S (2742) Moscow 2008}) 9. Bd3 Ra7 10. O-O e5 {White is better.} 11. a5 Nh5 $146 ({Predecessor:} 11... bxa5 12. Bd2 Rb7 {0-1 (61) Demianjuk,A (2313)-Minasian,A (2467) Batumi 2018}) 12. Be3 bxa5 13. Qa4 (13. Re1 $14) 13... Nf4 $1 $11 {[%cal Rf4d3]} 14. Rfd1 Rb7 15. Qa3 f5 (15... Nxd3 {looks sharper.} 16. Rxd3 f5 17. Rdd1 Qb6 18. Rdb1 Qb4) 16. Bxf4 ({Much weaker is} 16. Qxa5 Qxa5 17. Rxa5 Nxd3 $17) 16... exf4 17. exf5 Bxf5 18. Bxf5 Rxf5 19. Re1 Nd7 20. Qxa5 Qxa5 21. Rxa5 Rxb2 22. Ne4 Rb6 23. Kf1 Ne5 24. Nxe5 Rxe5 25. f3 Re7 26. h4 h6 27. Rc1 Bd4 28. Rc2 Kf7 (28... Reb7 $17 29. Ra3 Kf7) 29. Rca2 $1 Ra7 30. Ke2 (30. Rb5 $1 $11 axb5 31. Rxa7+ Kf8 32. cxb5) 30... Ke7 (30... Ra8 $15) 31. Kd3 (31. Rb5 $11 {remains equal.} Rxb5 32. cxb5) 31... Bf6 (31... Kd8 $17) 32. R5a3 $2 (32. Rb5 $11 Rxb5 33. cxb5 c4+ 34. Kc2) 32... Bxh4 $17 33. Nc3 Kf6 (33... Bf6 $17 34. Nb5 Ra8) 34. Na4 $1 $15 {[%cal Ra4b6]} Rb4 {Strongly threatening ...Re7.} 35. Nc3 Rb6 (35... Re7 $5 {[%cal Re7e3]} 36. Ne4+ {[%mdl 64] Double Attack} Ke5 $11) 36. Na4 $1 {[%cal Ra4b6]} Rbb7 {...Be1 is the strong threat.} 37. Nc3 Kf5 38. Rxa6 Rxa6 39. Rxa6 $11 {[%mdl 4096] Endgame KRB-KRN} Be7 40. Nb5 Rd7 41. Ra8 (41. Nc3 $1 $11 {keeps the balance.}) 41... Bf6 $1 $17 42. Rf8 {[#]} Kg5 (42... g5 $1 $17) 43. Re8 $11 Kf5 44. Rf8 g5 $1 45. Re8 {[#]} ({Better is} 45. Rg8 $1 $15) 45... h5 $1 $17 46. Re6 Be5 47. Rh6 h4 48. Re6 $2 {[%mdl 8192]} (48. Ke2 $17) 48... g4 $19 49. fxg4+ Kxg4 50. Ke4 (50. Ke2 $142 f3+ 51. gxf3+ Kg5 52. Re8) 50... Kg3 51. Rg6+ Kf2 52. Rg4 Rh7 53. Kf5 f3 {[%mdl 64] Overworked Piece} 54. gxf3 h3 {Black mates.} 55. f4 h2 56. fxe5 h1=Q 57. e6 Qh3 58. Nxd6 Kf3 59. Kf6 Qxg4 60. Nf7 Qh4+ 61. Kg6 Kf4 62. d6 {[#]} Rxf7 $1 {[%mdl 64] Clearance} 63. Kxf7 (63. exf7 Qh8) 63... Qh7+ 64. Kf6 Qh6+ 65. Kf7 Ke5 66. e7 Qe6+ 67. Kf8 Qxd6 68. Kf7 Qf6+ {Accuracy: White = 34%, Black = 53%.} 0-1